000 00638nam a2200241Ia 4500
003 OSt
005 20221007064316.0
006 a|||||r|||| 00| 0
007 ta
008 221006b |||||||| |||| 00| 0 eng d
020 _a8170185327
_cRs. 130/-
024 _a16,036
037 _cTextual
040 _aFLL
_cFLL
_beng
041 _2eng
_aeng
082 _aW:5, N0
100 _aIyer V.R. Krishna
245 0 _aHuman rights and inhuman wrongs
260 _aDelhi
_bB.R. Publishing Corporation India
_c1990
300 _a175p
_ccm.
942 _hW:5, N0
_cTEXL
_2CC
999 _c1133685
_d1133685